000 00569nam a2200217Ia 4500
005 20241129110037.0
008 241129s9999||||xx |||||||||||||| ||und||
020 _a978-622-96184-6-2
037 _aTB
040 _aARTS
_beng
_cARTS
041 _aeng
_2per
084 _aO164,1NKAx R1
_qARTS
100 _aHaidari Murtaza Au.
_9727028
245 0 _aBa fikr Ahmad Nam Baash
_cHaidari Murtaza Au.
260 _c2007
300 _a79p.
365 _aINR
_b300
650 _aPersian Poetry
942 _cTB
_hO164,1NKAx R1
999 _c1227119
_d1227119